| 000 | 00896 a2200181 4500 | ||
|---|---|---|---|
| 020 | _a0070242488 (paperback) | ||
| 020 | _a9780070242487 (paperback) | ||
| 082 | 0 | 4 | _a658.562 |
| 090 |
_c5305 _d5305 |
||
| 100 | 1 | _aWoods, John A. | |
| 245 | 1 | 0 |
_aQualitrends : _b7 quality secrets that will change your life / _cJohn A. Woods, James W. Cortada. |
| 260 |
_a[S.l.] : _bMcGraw-Hill Companies, _c1996. |
||
| 300 |
_a100 p. ; _c20 cm. |
||
| 520 | _aA synopsis of the major trends in the world of quality management, this book includes coverage of teamwork, process improvement, global competition and the virtual office. Each topic is accompanied by a "quality readiness checklist". A "quality thumbnail library" lists the field's best resources. | ||
| 700 | 1 | _aCortada, James W. | |
| 856 | 4 | 0 |
_3Amazon.com _uhttp://www.amazon.com/exec/obidos/ASIN/0070242488/chopaconline-20 |
| 942 |
_aNBS _cBK _k658 WOO |
||
| 999 |
_c347718 _d347718 |
||